Ethics on the job :cases and strategies. / (Record no. 3387)

MARC details
000 -LEADER
fixed length control field 01549cam a22003614a 4500
001 - CONTROL NUMBER
control field 13443879
003 - CONTROL NUMBER IDENTIFIER
control field OSt
005 - DATE AND TIME OF LATEST TRANSACTION
control field 20210414114248.0
008 - FIXED-LENGTH DATA ELEMENTS--GENERAL INFORMATION
fixed length control field 031224s2004 cau b 000 0 eng
010 ## - LIBRARY OF CONGRESS CONTROL NUMBER
LC control number 2003117016
020 ## - INTERNATIONAL STANDARD BOOK NUMBER
International Standard Book Number 0534619819
035 ## - SYSTEM CONTROL NUMBER
System control number (DLC) 2003117016
040 ## - CATALOGING SOURCE
Original cataloging agency DLC
Transcribing agency DLC
Modifying agency DLC
042 ## - AUTHENTICATION CODE
Authentication code pcc
050 00 - LIBRARY OF CONGRESS CALL NUMBER
Classification number HF5387.P45
082 00 - DEWEY DECIMAL CLASSIFICATION NUMBER
Classification number 174
Edition number 22
100 1# - MAIN ENTRY--PERSONAL NAME
Personal name Pfeiffer, Raymond S.
245 10 - TITLE STATEMENT
Title Ethics on the job :cases and strategies. /
Statement of responsibility, etc. Raymond S. Pfeiffer, Ralph P. Forsberg.
250 ## - EDITION STATEMENT
Edition statement 3rd ed.
260 ## - PUBLICATION, DISTRIBUTION, ETC.
Place of publication, distribution, etc. Belmont, CA :
Name of publisher, distributor, etc. Thomson/Wadsworth,
Date of publication, distribution, etc. c2004.
300 ## - PHYSICAL DESCRIPTION
Extent xiii, 150 p.:
Dimensions 24 cm.
500 ## - GENERAL NOTE
General note Includes bibliographical references
504 ## - BIBLIOGRAPHY, ETC. NOTE
Bibliography, etc. note .
505 ## - FORMATTED CONTENTS NOTE
Formatted contents note Contents: Ethics and ethical decision making -- Ethical principles -- The Resolved strategy of making ethical decisions making --The Resolved strategy in depth -- Two analysis of personal ethical problems -- Personal ethical problems for analysis -- Guide to topic in cases.
650 #0 - SUBJECT ADDED ENTRY--TOPICAL TERM
Topical term or geographic name entry element Business ethics.
700 1# - ADDED ENTRY--PERSONAL NAME
Personal name Forsberg, Ralph P.
856 42 - ELECTRONIC LOCATION AND ACCESS
Materials specified Contributor biographical information
Uniform Resource Identifier <a href="http://www.loc.gov/catdir/enhancements/fy1302/2003117016-b.html">http://www.loc.gov/catdir/enhancements/fy1302/2003117016-b.html</a>
856 42 - ELECTRONIC LOCATION AND ACCESS
Materials specified Publisher description
Uniform Resource Identifier <a href="http://www.loc.gov/catdir/enhancements/fy1302/2003117016-d.html">http://www.loc.gov/catdir/enhancements/fy1302/2003117016-d.html</a>
856 41 - ELECTRONIC LOCATION AND ACCESS
Materials specified Table of contents only
Uniform Resource Identifier <a href="http://www.loc.gov/catdir/enhancements/fy1302/2003117016-t.html">http://www.loc.gov/catdir/enhancements/fy1302/2003117016-t.html</a>
906 ## - LOCAL DATA ELEMENT F, LDF (RLIN)
a 7
b cbc
c orignew
d 2
e epcn
f 20
g y-gencatlg
942 ## - ADDED ENTRY ELEMENTS (KOHA)
Source of classification or shelving scheme Library of Congress Classification
Koha item type Books
Holdings
Withdrawn status Lost status Source of classification or shelving scheme Damaged status Not for loan Home library Current library Shelving location Date acquired Total Checkouts Full call number Barcode Date last seen Copy number Price effective from Koha item type
    Library of Congress Classification     WISCONSIN INTERNATIONAL UNIVERSITY COLLEGE, GHANA - MAIN LIBRARY WISCONSIN INTERNATIONAL UNIVERSITY COLLEGE, GHANA - MAIN LIBRARY General Stacks 15/08/2014   HF5387.P45 865/004/14 15/08/2014 1 15/08/2014 Books
    Library of Congress Classification     WISCONSIN INTERNATIONAL UNIVERSITY COLLEGE, GHANA - MAIN LIBRARY WISCONSIN INTERNATIONAL UNIVERSITY COLLEGE, GHANA - MAIN LIBRARY General Stacks 15/08/2014   HF5387.P451 866/005/14 15/08/2014 2 15/08/2014 Books
    Library of Congress Classification     WISCONSIN INTERNATIONAL UNIVERSITY COLLEGE, GHANA - MAIN LIBRARY WISCONSIN INTERNATIONAL UNIVERSITY COLLEGE, GHANA - MAIN LIBRARY   15/08/2014   HF5387.P452 867/006/14 15/08/2014 3 15/08/2014 Books

If you have any concerns or questions; kindly contact the library


© Powered by WIUC ICT DIRECTORATE